000 01165nam0a22002531 4500
001 rc\632804
005 20260407143334.0
035 _a(NLR Aleph) 005874837
090 _a6016766
_c6016766
100 _a20031121d1986 |||y0rusy50 ca
101 0 _arus
102 _aRU
105 _aa |||||||||
200 1 _aМЕТОДИКА подготовки урока математики при изучении темы "Первообразная и интеграл"
_fНИИ проф.-техн. педагогики и др.
_g[Сост. к. п. н. Г.Ч. Тахтамышевой]
210 _aПермь
_cПермоблмашинформ
_d1986
215 _a65 с.
_cграф.
_d20
300 _aВ надзаг. также: Перм. обл. ин-т усоверш. учителей, Перм. обл. упр. профтехобразования
702 1 _aТахтамышева
_bГ.Ч.
_gГульнара Чингизовна
_4220
712 0 2 _aНИИ проф.-техн. педагогики
_cКазань
_3RU\NLR\AUTH\8810015040
_9527947
801 0 _aRU
_bNLR
_gpsbo
801 1 _aRU
_bELAR
_2rusmarc
852 _aNLR
_j88-4/1644
942 _cBOOK
980 _aNB